Наставление правильно состязаться с раскольниками, (Запись № 5156718)

Подробности
000 -МАРКЕР
контрольное поле 01558nam0a22003491 4500
001 - ИДЕНТИФИКАТОР ЗАПИСИ
контрольное поле v19\rc\2104361
005 - ИДЕНТИФИКАТОР ВЕРСИИ
контрольное поле 20250418153553.0
035 ## - ДРУГИЕ СИСТЕМНЫЕ НОМЕРА
Идентификатор записи (NLR Aleph) 005184789
100 ## - ДАННЫЕ ОБЩЕЙ ОБРАБОТКИ
Данные общей обработки 20090914d1807 |||y0rusy50 ca
101 0# - ЯЗЫК РЕСУРСА
Язык текста, звукозаписи и т.д. русский
102 ## - СТРАНА ПУБЛИКАЦИИ ИЛИ ПРОИЗВОДСТВА
Страна публикации Российская Федерация
105 ## - ПОЛЕ КОДИРОВАННЫХ ДАННЫХ: ТЕКСТОВЫЕ МАТЕРИАЛЫ, МОНОГРАФИЧЕСКИЕ
Кодированные данные о монографическом текстовом документе y z |||||
200 1# - ЗАГЛАВИЕ И СВЕДЕНИЯ ОБ ОТВЕТСТВЕННОСТИ
Основное заглавие Наставление правильно состязаться с раскольниками,
Первые сведения об ответственности сочиненное в Рязанской семинарии по предписанию покойнаго преосвященнаго Симона, епископа рязанскаго и шацкаго
210 ## - ПУБЛИКАЦИЯ, РАСПРОСТРАНЕНИЕ И ДР.
Место издания, распространения и т.д. Москва
Имя издателя, распространителя и т. д. в Синодальной типографии
Дата издания, распространения и т.д. 1807
215 ## - ФИЗИЧЕСКАЯ ХАРАКТЕРИСТИКА
Специфическое обозначение материала и объем [2], IX, 32, [1], 362, 23, [3] с., [1] л. ил.
Размеры 8° (22 см)
300 ## - ОБЩИЕ ПРИМЕЧАНИЯ
Текст примечания Предисл. и Увещание еп. Симона
300 ## - ОБЩИЕ ПРИМЕЧАНИЯ
Текст примечания Авт. установлен по изд.: Сопиков. Опыт рос. словесности, № 6572
321 1# - ПРИМЕЧАНИЯ ОБ ОТДЕЛЬНО ИЗДАННЫХ УКАЗАТЕЛЯХ / РЕФЕРАТАХ / ССЫЛКАХ, ОТРАЖАЮЩИХ КАТАЛОГИЗИРУЕМЫЙ ДОКУМЕНТ
Примечания об указателях, рефератах, ссылках СК 1801-1825 3004
700 #0 - ИМЯ ЛИЦА - ПЕРВИЧНАЯ ОТВЕТСТВЕННОСТЬ
Связь между полями z01790
Начальный элемент ввода Иероним
Дополнения к именам, кроме дат Алякринский, Иоанн Степанович
Даты 1738-1828
702 #0 - ИМЯ ЛИЦА - ВТОРИЧНАЯ ОТВЕТСТВЕННОСТЬ
Начальный элемент ввода Симон
Код отношения Автор введения, предисловия, примечания и т.п.
-- Библиографический предшественник
790 #1 - ИМЯ ЛИЦА - АЛЬТЕРНАТИВНАЯ ФОРМА
Связь между полями z01700
Начальный элемент ввода Алякринский
Часть имени, кроме начального элемента ввода И. С.
Даты 1738-1828
Расширение инициалов личного имени Иоанн Степанович
801 #0 - ИСТОЧНИК ЗАПИСИ
Страна Российская Федерация
Организация NLR
Правила каталогизации psbo
801 #1 - ИСТОЧНИК ЗАПИСИ
Страна Российская Федерация
Организация ProSoft-M
Источник данных rusmarc
801 #2 - ИСТОЧНИК ЗАПИСИ
Страна Российская Федерация
Организация NLR
Дата составления 20150916
Источник данных rusmarc
852 ## - МЕСТОНАХОЖДЕНИЕ И ШИФР ХРАНЕНИЯ
Идентификатор организации NLR
Шифр хранения (Call Number) 18.115.4.21
852 ## - МЕСТОНАХОЖДЕНИЕ И ШИФР ХРАНЕНИЯ
Идентификатор организации NLR
Шифр хранения (Call Number) 139/345
852 ## - МЕСТОНАХОЖДЕНИЕ И ШИФР ХРАНЕНИЯ
Идентификатор организации NLR
Наименование фонда или коллекции (Sub-Location Identifier) РЗФ
Шифр хранения (Call Number) 18 в. 5/199
852 ## - МЕСТОНАХОЖДЕНИЕ И ШИФР ХРАНЕНИЯ
Идентификатор организации NLR
Наименование фонда или коллекции (Sub-Location Identifier) РЗФ
Шифр хранения (Call Number) 18 в. 5/199а
942 ## - ДОПОЛНИТЕЛЬНЫЕ ЭЛЕМЕНТЫ ЗАПИСИ (АБИС)
Тип экземпляра АБИС Книга
980 ## - КОЛЛЕКЦИЯ
Название коллекции Национальная библиография
Экземпляры
Тип экземпляра Дата поступления Библиотека постоянного хранения Библиотека текущего хранения Место хранения Шифр хранения Штрих-код Статус экземпляра
Книга 18.04.2025 РНБ (Московский) РНБ (Московский) Резервный фонд РЗФ 18 в. 5/199 5184789-30  
Книга 18.04.2025 РНБ (Московский) РНБ (Московский) Резервный фонд РЗФ 18 в. 5/199а 5184789-40  
Книга 26.10.2013 РНБ (Садовая) РНБ (Садовая) Русский книжный фонд -Главное здание, Ленинский читальный зал 18.115.4.21 5184789-10  
Книга 26.10.2013 РНБ (Садовая) РНБ (Садовая) Русский книжный фонд -Главное здание, Ленинский читальный зал 139/345 5184789-20